|
|
|
|
| LEADER |
00000cam a22000002c 4500 |
| 001 |
1912662302 |
| 003 |
DE-627 |
| 005 |
20250125055315.0 |
| 007 |
tu |
| 008 |
241217s2003 xx ||||| 00| ||eng c |
| 035 |
|
|
|a (DE-627)1912662302
|
| 035 |
|
|
|a (DE-599)KXP1912662302
|
| 040 |
|
|
|a DE-627
|b ger
|c DE-627
|e rda
|
| 041 |
|
|
|a eng
|
| 084 |
|
|
|a 2,1
|2 ssgn
|
| 100 |
1 |
|
|a Howell, James C.
|d 19XX-
|e VerfasserIn
|0 (DE-588)173145094
|0 (DE-627)698067126
|0 (DE-576)174478836
|4 aut
|
| 109 |
|
|
|a Howell, James C. 19XX-
|a Howell, Buddy 19XX-
|
| 245 |
1 |
0 |
|a Preventing and Reducing Juvenile Delinquency: A Comprehensive Framework
|
| 264 |
|
1 |
|a [Erscheinungsort nicht ermittelbar]
|b Sage Publications
|c 2003
|
| 336 |
|
|
|a Text
|b txt
|2 rdacontent
|
| 337 |
|
|
|a ohne Hilfsmittel zu benutzen
|b n
|2 rdamedia
|
| 338 |
|
|
|a Band
|b nc
|2 rdacarrier
|
| 787 |
0 |
8 |
|i Forschungsdaten
|a National Gang Center (U.S.)
|t National Youth Gang Survey, (United States), 1996-2001
|d [Erscheinungsort nicht ermittelbar] : [Verlag nicht ermittelbar], 2018
|w (DE-627)1840041951
|
| 935 |
|
|
|a mkri
|
| 951 |
|
|
|a BO
|
| ELC |
|
|
|b 1
|
| LOK |
|
|
|0 000 xxxxxcx a22 zn 4500
|
| LOK |
|
|
|0 001 4637627842
|
| LOK |
|
|
|0 003 DE-627
|
| LOK |
|
|
|0 004 1912662302
|
| LOK |
|
|
|0 005 20241217044837
|
| LOK |
|
|
|0 008 241217||||||||||||||||ger|||||||
|
| LOK |
|
|
|0 035
|a (DE-2619)ICPSR152031
|
| LOK |
|
|
|0 040
|a DE-2619
|c DE-627
|d DE-2619
|
| LOK |
|
|
|0 092
|o n
|
| LOK |
|
|
|0 852
|a DE-2619
|
| LOK |
|
|
|0 852 1
|9 00
|
| LOK |
|
|
|0 935
|a nacp
|
| LOK |
|
|
|0 939
|a 17-12-24
|b l01
|
| ORI |
|
|
|a SA-MARC-krimdoka001.raw
|